Dohody a ich overenie základnou finančnou kontrolou

Dohoda ako právny úkon medzi zmluvnými stranami vzhľadom na ustanovenia § 7 zákona č. 357/2015 Z. z. Bližšie objasnenie pohľadu autora na oblasť overovania dohôd, prehľad častých dohôd v praxi v nadväznosti na správnosť, úplnosť a zákonnosť výkonu základnej finančnej kontroly v roku 2020. Vzorové dv...

Descrizione completa

Salvato in:
Dettagli Bibliografici
Autore principale: Sýkora, Jozef
Natura: Capitolo di libro
Lingua:slovacco
Soggetti:
Tags: Aggiungi Tag
Nessun Tag, puoi essere il primo ad aggiungerne!!

MARC

LEADER 00000naa a2200000 4500
001 0268810
005 20200930132310.1
041 0 |a slo 
044 |a SK 
245 1 0 |a Dohody a ich overenie základnou finančnou kontrolou  |c Jozef Sýkora 
520 |a Dohoda ako právny úkon medzi zmluvnými stranami vzhľadom na ustanovenia § 7 zákona č. 357/2015 Z. z. Bližšie objasnenie pohľadu autora na oblasť overovania dohôd, prehľad častých dohôd v praxi v nadväznosti na správnosť, úplnosť a zákonnosť výkonu základnej finančnej kontroly v roku 2020. Vzorové dva prípady dohôd. 
610 2 0 |a dohody 
610 2 0 |a kontrola finančná 
610 2 0 |a samospráva 
610 2 0 |a hospodárenie finančné 
100 1 |a Sýkora, Jozef